| 000 | 01541nam a2200409Ii 4500 | ||
|---|---|---|---|
| 001 | DIGCSIC1166 | ||
| 003 | NyNyDIG | ||
| 006 | m d | ||
| 007 | cr ||||||||||| | ||
| 008 | 121101s2008 sp ob 001 0 spa d | ||
| 020 |
_a9788400095307 _q(eBook) |
||
| 020 | _z9788400086824 | ||
| 020 | _z8400086821 | ||
| 035 | _a(OCoLC)823739691 | ||
| 040 |
_aDGITA _beng _epn _cDGITA |
||
| 043 | _ae-sp--- | ||
| 050 | 0 | 0 | _aDP139 eBook |
| 100 | 1 | _aAlvarez Borge, Ignacio. | |
| 245 | 1 | 0 |
_aCambios y alianzas : _bla política regia en la frontera del Ebro en el reinado de Alfonso VIII de Castilla (1158-1214) / _cIgnacio Álvarez Borge. |
| 264 | 1 |
_aMadrid : _bConsejo Superior de Investigaciones Científicas, _c2008. |
|
| 300 | _a1 online resource (520 pages) | ||
| 336 |
_atext _btxt _2rdacontent |
||
| 337 |
_acomputer _bc _2rdamedia |
||
| 338 |
_aonline resource _bcr _2rdacarrier |
||
| 490 | 1 |
_aBiblioteca de historia ; _v66. |
|
| 504 | _aIncludes bibliographical references (p. [481]-498) and index. | ||
| 651 | 0 |
_aCastile (Spain) _xHistory _yAlfonso VIII, 1158-1214. |
|
| 651 | 0 |
_aCastile (Spain) _xPolitics and government. |
|
| 651 | 0 |
_aEbro River Valley (Spain) _xHistory. |
|
| 655 | 0 | _aElectronic books. | |
| 791 | 2 |
_aDigitalia (Firm), _edistributor. |
|
| 830 | 0 |
_aBiblioteca de historia (Madrid, Spain) ; _v66. |
|
| 793 | 0 |
_gDigitalia eBook Collection: _aEditorial CSIC. |
|
| 856 | 4 | 0 |
_3Digitalia Hispánica _uhttps://www.digitaliapublishing.com/a/18541/ |
| 910 | _aPremium Collection: 2007-2012 | ||
| 942 | _cRAA | ||
| 999 |
_c235899 _d235899 |
||